Normal view MARC view
  • Ehsan, NC Rashid (TCC-15B)

Entry Personal Name

Number of records used in: 1

001 - CONTROL NUMBER

  • control field: 131924

003 - CONTROL NUMBER IDENTIFIER

  • control field: NUST

005 - DATE AND TIME OF LATEST TRANSACTION

  • control field: 20251117165436.0

008 - FIXED-LENGTH DATA ELEMENTS

  • fixed length control field: 251117|| aca||aabn | a|a d

040 ## - CATALOGING SOURCE

  • Original cataloging agency: NUST
  • Transcribing agency: NUST

100 ## - HEADING--PERSONAL NAME

  • Personal name: Ehsan, NC Rashid (TCC-15B)

670 ## - SOURCE DATA FOUND

  • Source citation: Work cat.: (NUST)182568: Ehsan, NC Rashid (TCC-15B), The design, comparison and complexity analysis of various techniques for a MIMO OFDM system and to develop a technique that in terms of complexity and performance gives the most optimum results /, 2007
© 2023 Central Library, National University of Sciences and Technology. All Rights Reserved.